000 00618nam a2200205Ia 4500
003 GCL
008 140319s9999 xx 000 0 ara d
020 _a0028239977
040 _aGCL /
_cGCL
082 0 4 _aق
_b920.17
_bع ك
100 1 _aعبدالوهاب البرلسى
245 1 0 _aكنت وزيرا مع عبدالناصر /
_cعبدالوهاب البرلسى
260 _aالقاهرة :
_bدار المستقبل العربى ،
_c1992
300 _a159 ص
490 _a
650 0 4 _aمصر
650 0 4 _aالتراجم الذاتية
650 0 4 _aجمال عبدالناصر
942 _2ddc
_cBK
999 _c52740
_d52740